000
00289nam a22001337a 4500
008
260424b ||||| |||| 00| 0 eng d
020
_a
9780340682876
041
_a
eng
080
_a
01.1
100
_a
20
101
_a
Fantazi
245
_a
Snatchers
_c
Helen Cresswell
942
_2
udc
_c
BK
999
_c
60989
_d
60989